|
|
|
|
| LEADER |
00000cam a2200000 7i4500 |
| 001 |
0000007264 |
| 002 |
000007815 |
| 005 |
20000330.0 |
| 020 |
|
|
|a 9679783804
|
| 090 |
0 |
0 |
|a 338.71
|b TAN
|
| 100 |
0 |
|
|a Tang You Chon
|
| 245 |
1 |
2 |
|a A Practical guide to formation of a private limited company in Malaysia
|c Tang You Chon
|
| 260 |
|
|
|a Petaling Jaya :
|b Pelanduk Publications (M) Sdn.Bhd. ,
|c 1991
|
| 300 |
|
|
|a 96p. ;
|c 22cm.
|
| 650 |
0 |
0 |
|a Business enterprises
|x Law and legislation
|z Malaysia
|
| 999 |
|
|
|a 00089270
|b BUKU
|c PINJAMAN
|e PERPUSTAKAAN KOMUNITI PETALING JAYA
|
| 999 |
|
|
|a 024110
|b BUKU
|c MALAYSIANA
|e PERPUSTAKAAN KOMUNITI PETALING JAYA
|
| 999 |
|
|
|a 047988
|b BUKU
|c MALAYSIANA
|e PERPUSTAKAAN KOMUNITI PETALING JAYA
|